[Letter dated 28 May 1949 regarding merger of the NAA with the Valuers Institution] (Record no. 114316)

MARC details
000 -LEADER
fixed length control field 00729cam a22001815a 4500
001 - CONTROL NUMBER
control field L156605
008 - FIXED-LENGTH DATA ELEMENTS--GENERAL INFORMATION
fixed length control field 120612e19490528xxk f 000 0 eng d
035 ## - SYSTEM CONTROL NUMBER
System control number (Sirsi) u156605
041 0# - LANGUAGE CODE
Language code of text/sound track or separate title eng
110 2# - MAIN ENTRY--CORPORATE NAME
Corporate name or jurisdiction name as entry element National Association of Auctioneers, House Agents, Rating Surveyors and Valuers
9 (RLIN) 4989
245 01 - TITLE STATEMENT
Title [Letter dated 28 May 1949 regarding merger of the NAA with the Valuers Institution]
260 ## - PUBLICATION, DISTRIBUTION, ETC.
Place of publication, distribution, etc. London
Name of publisher, distributor, etc. NAA
Date of publication, distribution, etc. 1949
300 ## - PHYSICAL DESCRIPTION
Extent 1 sheet
Dimensions 25 cm.
520 ## - SUMMARY, ETC.
Summary, etc. Letter dated 28 May 1949 from the President of the NAA, inviting members to vote on the proposed merger of the Valuers Institution and the National Association of Auctioneers.
651 #4 - SUBJECT ADDED ENTRY--GEOGRAPHIC NAME
Geographic name Great Britain
Chronological subdivision 1707-
690 ## - LOCAL SUBJECT ADDED ENTRY--TOPICAL TERM (OCLC, RLIN)
Topical term or geographic name as entry element Valuation
9 (RLIN) 6273
942 ## - ADDED ENTRY ELEMENTS (KOHA)
Suppress in OPAC 0
Holdings
Withdrawn status Lost status Source of classification or shelving scheme Damaged status Not for loan Home library Current library Shelving location Date acquired Total Checkouts Full call number Barcode Date last seen Copy number Price effective from Koha item type
    Dewey Decimal Classification     Historic collection Historic collection RICS Boxes 12/06/2012   RICS 1949/5 30077567 06/08/2019 1 06/08/2019 Archive